Pandora's star /

Bibliographic Details
Main Author: Hamilton, Peter F.
Format: Book
Language:English
Published: London : Macmillan, 2004.
Subjects:

MARC

Tag First Indicator Second Indicator Subfields
LEADER 00000cam a22000008a 4500
001 in00001831721
005 20151026053411.0
008 030630s2004 enk 000 f eng
015 |a GBA3-T5042 
020 |a 1405000198 
029 0 |a UKM  |b bA3T5042 
035 |a (OCoLC)ocm53710233 
040 |a UKM  |c UKM  |d TXA  |d UtOrBLW 
049 |a TXAM 
082 0 4 |a 823.914  |2 21 
090 |a PR6058.A5536  |b P36 2004b 
100 1 |a Hamilton, Peter F. 
245 1 0 |a Pandora's star /  |c Peter F. Hamilton. 
264 1 |a London :  |b Macmillan,  |c 2004. 
300 |a vi, 881 pages ;  |c 24 cm. 
336 |a text  |b txt  |2 rdacontent 
337 |a unmediated  |b n  |2 rdamedia 
338 |a volume  |b nc  |2 rdacarrier 
500 |a "Part one of the Commonwealth Saga". 
650 0 |a Interplanetary voyages  |v Fiction. 
651 0 |a Mars (Planet)  |v Fiction. 
655 7 |a Science fiction.  |2 gsafd 
994 |a E0  |b TXA 
948 |a cataloged  |b h  |c 2004/4/2  |d c  |e jlanham  |f 10:57:32 am 
999 |a MARS 
999 f f |s 107a98ee-b717-3b1f-8df6-6c55a898d6b8  |i 44670100-9ebc-3ef2-9d43-31fe63cdccd9  |t 0 
952 f f |p noncirc  |a Texas A&M University  |b College Station  |c Cushing Memorial Library & Archives  |d Cushing: Science Fiction (Does not check out)  |t 0  |e PR6058.A5536 P36 2004b  |h Library of Congress classification  |i unmediated -- volume 
998 f f |a PR6058.A5536 P36 2004b  |t 0  |l Cushing: Science Fiction (Does not check out)